[Event "Open"]
[Site "Callao PER"]
[Date "2007.08.11"]
[Round "4"]
[White "Fernandez,Fe"]
[Black "Rosello,J"]
[Result "0-1"]
[WhiteElo "2244"]
[BlackElo "2114"]

1.d4 d5 2.Nf3 Nf6 3.c4 e6 4.g3 Be7 5.Bg2 O-O 6.O-O c6 7.Nc3 Nbd7 8.Bf4 b6
9.Rc1 Bb7 10.cxd5 exd5 11.Qb3 Nh5 12.Rfe1 Nxf4 13.gxf4 Bd6 14.Ne5 Nxe5 15.fxe5 Be7
16.Rcd1 f5 17.e4 fxe4 18.Nxe4 Kh8 19.Ng3 Bh4 20.Qd3 Qg5 21.Re3 Rf4 22.Rf3 Raf8
23.Qa3 Rxf3 24.Bxf3 Qe7 25.Qxe7 Bxe7 26.Kg2 g6 27.Ne2 Kg7 28.Rh1 h5 29.Rc1 Kf7
30.b4 Ke6 31.b5 c5 32.Kg3 Bg5 33.Rc3 cxd4 34.Rc7 Bc8 35.Nxd4+ Kxe5 36.Nc6+ Kd6
37.Rh7 h4+ 38.Kg2 h3+ 39.Kg3 Bf4+ 40.Kh4 Bf5  0-1

[Event "Open"]
[Site "Dubna RUS"]
[Date "2007.08.11"]
[Round "13"]
[White "Zasypkin,Alexe"]
[Black "Nasonov,V"]
[Result "0-1"]
[WhiteElo "2103"]
[BlackElo "2264"]

1.d4 d5 2.c4 e6 3.g3 Nf6 4.Bg2 Be7 5.Nf3 O-O 6.Qc2 b6 7.O-O Bb7 8.cxd5 Nxd5
9.a3 Nd7 10.e4 N5f6 11.Nc3 c5 12.e5 Nd5 13.Ne4 h6 14.dxc5 Nxc5 15.Nxc5 bxc5
16.Nd2 Qc7 17.Re1 Nb6 18.Bxb7 Qxb7 19.Ne4 Rac8 20.Be3 c4 21.Rad1 Nd5 22.Bc1 Rfd8
23.Rd4 Qb5 24.Qe2 Bc5 25.Nxc5 Rxc5 26.Qg4 Kf8 27.Bd2 Rdc8 28.Qh4 Ke8 29.Rd1 Qxb2
30.Bb4 R5c7 31.Bd6 c3 32.Bxc7 Rxc7 33.Rxd5 exd5 34.Rxd5 Rd7 35.Rc5 Qb1+ 36.Kg2 Qb7+
37.Kh3 Rc7 38.Qa4+ Kf8 39.Rxc7 Qxc7 40.Qf4 c2 41.Qc1 Qd7+ 42.e6 Qxe6+ 43.g4 h5
44.f3 hxg4+ 45.Kg3 Qd6+ 46.Kxg4 Qg6+  0-1

[Event "12th WY U16 Ol"]
[Site "Singapore SIN"]
[Date "2007.08.12"]
[Round "10"]
[White "Kilpatrick,C"]
[Black "Chin,M"]
[Result "1-0"]
[WhiteElo "2120"]
[BlackElo "1965"]

1.d4 Nf6 2.Nf3 d5 3.c4 e6 4.g3 Be7 5.Bg2 O-O 6.O-O b6 7.Qc2 Bb7 8.cxd5 Nxd5
9.a3 c5 10.dxc5 bxc5 11.Rd1 Qb6 12.Nbd2 f5 13.e4 Nf6 14.exf5 exf5 15.Qxf5 Ne4
16.Qg4 h5 17.Qxh5 Qd6 18.Qe5 Nxd2 19.Qxd6 Bxd6 20.Nxd2 Bxg2 21.Kxg2 Nc6 22.Ne4 Be7
23.Be3 c4 24.Rac1 Ne5 25.Bd4  1-0

[Event "Open"]
[Site "Callao PER"]
[Date "2007.08.13"]
[Round "8"]
[White "Contreras,J"]
[Black "Rosello,J"]
[Result "1/2-1/2"]
[WhiteElo "2201"]
[BlackElo "2114"]

1.d4 d5 2.c4 e6 3.g3 Nf6 4.Bg2 Be7 5.Nf3 O-O 6.O-O b6 7.cxd5 exd5 8.Nc3 Bb7
9.Bf4 Nh5 10.Ne5 Nxf4 11.gxf4 f6 12.Nc4 c6 13.Ne3 Bd6 14.Nf5 g6 15.Nxd6 Qxd6
16.e3 f5 17.Nb1 Nd7 18.Nd2 Rae8 19.Nf3 Re7 20.Ne5 Nxe5 21.fxe5 Qb4 22.f4 Qxb2
23.Qd3 Qb4 24.Rfb1 Qa5 25.Bf1 c5 26.dxc5 bxc5 27.Bg2 c4 28.Qd4 Bc6 29.Rd1 Rd8
30.Rac1 Rdd7 31.Rb1 Rd8 32.Rbc1 Ree8 33.Rb1 Kf7 34.Rd2 Ke6 35.Rdb2 Re7 36.Rb4 Qxa2
37.Ra1 Qe2 38.Rb2 Qd3 39.Ra6 Rc8 40.Qc5 Rec7 41.Qd6+ Kf7 42.Qf6+ Kg8 43.Qe6+ Kf8
44.Qf6+ Kg8 45.Qe6+ Kg7 46.Qf6+ Kh6 47.Qg5+ Kg7 48.Qf6+ Kg8 49.Qe6+ Kh8 50.Qf6+ Kg8
51.Qe6+ Kh8 52.Qf6+ Kg8 53.Qe6+ Kf8 54.Qf6+ Kg8 55.Qe6+ Kh8 56.Qf6+ Kg8 57.Qe6+ Kf8
58.Qd6+ Kg7 59.Qf6+ Kh6 60.Qg5+ Kg7 61.Qf6+  1/2-1/2

[Event "17th Chess Festival"]
[Site "Abu Dhabi UAE"]
[Date "2007.08.15"]
[Round "4"]
[White "Ivanov,MM"]
[Black "Koneru,H"]
[Result "1/2-1/2"]
[WhiteElo "2455"]
[BlackElo "2572"]

1.d4 Nf6 2.c4 e6 3.g3 d5 4.Bg2 Be7 5.Nf3 O-O 6.Qc2 dxc4 7.Qxc4 a6 8.Bf4 Nd5
9.Nc3 b5 10.Qd3 Bb7 11.Nxd5 Bxd5 12.O-O Nd7 13.Rfd1 c5 14.e4 Bb7 15.d5 exd5
16.exd5 Bf6 17.Qc2 c4 18.Nd4 Nc5 19.Nc6 Qd7 20.Na5 Rad8 21.Nxb7 Qxb7 22.h4 Nd3
23.Rxd3 cxd3 24.Qxd3 Bxb2 25.Rb1  1/2-1/2

[Event "Independence Cup A"]
[Site "Kyiv UKR"]
[Date "2007.08.15"]
[Round "3"]
[White "Kruglyakov,P"]
[Black "Vdovichenko,V"]
[Result "1/2-1/2"]
[WhiteElo "2336"]
[BlackElo "2198"]

1.c4 e6 2.Nf3 Nf6 3.g3 d5 4.d4 Be7 5.Bg2 O-O 6.O-O dxc4 7.Qc2 a6 8.a4 Nbd7
9.Nbd2 Nb6 10.a5 Nbd5 11.Nxc4 b5 12.axb6 cxb6 13.Bd2 Bb7 14.Qb3 Ne4 15.Be1 f5
16.Ba5 bxa5 17.Qxb7 Bb4 18.Rfc1 Ne7 19.e3 Qc8 20.Nxa5 Qxb7 21.Nxb7 Rfb8 22.Nc5 Bxc5
23.dxc5 Rxb2 24.Ne5 Nd5 25.c6 Nc7 26.Nc4 Rb4 27.Bxe4 fxe4 28.Ra5 Rd8 29.Re5 Rd5
30.Rxe4 Rc5 31.Kg2 Rxc6 32.Nd6 Rxc1 33.Rxb4 Kf8 34.e4  1/2-1/2

[Event "Acropolis Open"]
[Site "Athens GRE"]
[Date "2007.08.19"]
[Round "6"]
[White "Grivas,E"]
[Black "Melia,S"]
[Result "1-0"]
[WhiteElo "2507"]
[BlackElo "2372"]

1.d4 d5 2.c4 e6 3.Nf3 Nf6 4.g3 Be7 5.Bg2 O-O 6.Nbd2 b6 7.O-O Bb7 8.b3 c5
9.Bb2 Na6 10.cxd5 exd5 11.Ne5 Qc8 12.Rc1 Qe6 13.Nd3 Rad8 14.Nf4 Qd6 15.dxc5 bxc5
16.Nc4 Qb8 17.Ne3 d4 18.Nf5 Rfe8 19.Nxe7+ Rxe7 20.Bxb7 Qxb7 21.e3 Red7 22.exd4 cxd4
23.Re1 Nb4 24.a3 Nbd5 25.Qxd4 Qxb3 26.Nxd5 Rxd5 27.Qc3 Qxc3 28.Bxc3 Rc8 29.Bd4 Rxc1
30.Rxc1 h6 31.Bxa7 Ra5 32.Bc5 Nd5 33.Kf1 Rb5 34.Bd4 Rb3 35.Rc5 Ne7 36.Rc3 Rb1+
37.Ke2 Nf5 38.Bc5 g5 39.g4 Ng7 40.Bd4 Ne6 41.Rc8+ Kh7 42.Bc3 Rb3 43.a4 Ra3
44.a5 Nf4+ 45.Kd2 Nd5 46.Bb2 Ra2 47.Kc2 Rxa5 48.Rh8+ Kg6 49.Rg8+ Kh7 50.Rg7+ Kh8
51.Rxg5+ Kh7 52.Rg7+ Kh8 53.Rxf7+ Kg8 54.Rg7+ Kf8 55.Rg6 Ra4 56.Rd6 Ne7 57.Rf6+ Ke8
58.h3 h5 59.f3 hxg4 60.hxg4 Nd5 61.Rd6 Ne3+ 62.Kb3 Ra7 63.Bd4 Re7 64.Kc3 Ng2
65.Rf6 Rb7 66.Kd3 Nh4 67.Ke4 Rb4 68.f4 Ra4 69.f5 Ng2 70.g5 Ne1 71.Rc6 Ra2
72.g6 Re2+ 73.Kd5  1-0

[Event "1st Serbian League Men"]
[Site "Zlatibor SRB"]
[Date "2007.08.20"]
[Round "9"]
[White "Damljanovic,B"]
[Black "Efimenko,Z"]
[Result "1-0"]
[WhiteElo "2606"]
[BlackElo "2624"]

1.Nf3 Nf6 2.c4 e6 3.g3 d5 4.d4 Be7 5.Bg2 O-O 6.O-O dxc4 7.Qc2 a6 8.Qxc4 b5
9.Qc2 Bb7 10.Bd2 Ra7 11.Rc1 Be4 12.Qb3 Nc6 13.e3 Qa8 14.Qd1 b4 15.Be1 Bd5
16.Nbd2 Nb8 17.Nh4 Bxg2 18.Nxg2 Nbd7 19.Qf3 Qxf3 20.Nxf3 c5 21.Nf4 a5 22.Nd3 Ne4
23.Rc2 Rc8 24.Rac1 Rac7 25.dxc5 Ndxc5 26.Kf1 Bd6 27.Nxc5 Rxc5 28.Rxc5 Rxc5
29.Rxc5 Nxc5 30.Nd2 g5 31.Nc4 Bc7 32.a3 bxa3 33.bxa3 Nb7 34.h3 h5 35.g4 hxg4
36.hxg4 f5 37.f3 Kf7 38.Bd2 Ke7 39.e4 Kf6 40.Bc3+ Kg6 41.Ke2 fxg4 42.fxg4 Nc5
43.e5 a4 44.Ke3 Nd7 45.Ke4 Bb8 46.Bd4 Bc7 47.Nb2 Bd8 48.Nxa4 Be7 49.Bb2 Kf7
50.Kd4 Ke8 51.Nc3 Bc5+ 52.Ke4 Be7 53.Nb5 Nc5+ 54.Kd4 Kd7 55.Bc3 Kc6 56.Kc4 Ne4
57.Be1 Bc5 58.Nd4+ Bxd4 59.Kxd4 Nc5 60.Bb4 Nb3+ 61.Kc4 Nc1 62.Bd2 Ne2 63.Bxg5  1-0

[Event "1st Serbian League Men"]
[Site "Zlatibor SRB"]
[Date "2007.08.23"]
[Round "3"]
[White "Pavlovic,Milo2"]
[Black "Benkovic,P"]
[Result "1-0"]
[WhiteElo "2438"]
[BlackElo "2465"]

1.d4 Nf6 2.c4 e6 3.g3 d5 4.Nf3 Be7 5.Bg2 O-O 6.O-O c6 7.Qc2 b6 8.Rd1 Bb7
9.Nc3 Na6 10.Ne5 Rc8 11.e4 Re8 12.Bf4 Bb4 13.Bg5 Be7 14.a3 h6 15.Bf4 Bd6
16.b4 dxc4 17.Nxf7 Kxf7 18.Bxd6 Qxd6 19.e5 Qf8 20.exf6 gxf6 21.b5 Nb8 22.bxc6 Bxc6
23.d5 exd5 24.Nxd5 Kg7 25.Qxc4 Qf7 26.Qf4 Bxd5 27.Rxd5 Rcd8 28.Rad1 Rxd5
29.Bxd5 Qe7 30.Rc1 Na6 31.Qg4+ Kh7 32.Qf5+ Kg7 33.Rc4 Qe1+ 34.Kg2 Qe5 35.Rg4+ Kf8
36.Qd7  1-0

[Event "Dato Arthur Tan Malaysian Op"]
[Site "Kuala Lumpur MAS"]
[Date "2007.08.24"]
[Round "7"]
[White "Rahman,Zia"]
[Black "Irwanto,S"]
[Result "1-0"]
[WhiteElo "2522"]
[BlackElo "2456"]

1.Nf3 Nf6 2.c4 e6 3.g3 d5 4.d4 Be7 5.Bg2 O-O 6.O-O dxc4 7.Qc2 a6 8.Qxc4 b5
9.Qc2 Bb7 10.Bd2 Be4 11.Qc1 b4 12.Bg5 Nbd7 13.Nbd2 Bd5 14.Re1 c5 15.e4 Bb7
16.e5 Ne8 17.Ne4 cxd4 18.Qf4 Nb6 19.Rad1 Nd5 20.Qg4 Bxg5 21.Nexg5 h6 22.Rxd4 Qe7
23.Qh4 f6 24.Ne4 fxe5 25.Rd2 Rf5 26.Qh3 Nef6 27.Nh4 Nxe4 28.Bxe4 Rg5 29.Nf3 Nf4
30.Qf1 Bxe4 31.Rxe4 Rg4 32.Re3 Nd5 33.Re1 e4 34.Ne5 Qg5 35.Qe2 Rf4 36.Kh1 Rf6
37.Nc4 Rc8 38.Nd6 e3 39.fxe3 Rcf8 40.Ne4 Qe5 41.Nxf6+ Nxf6 42.Rf1 a5 43.Rd4 Rc8
44.Qd3 Nd5 45.Re4 Qd6 46.Rg4 Qc6 47.e4 Nc7 48.Qf3 Qd7 49.Rf4 Nb5 50.e5 Nd4
51.Qe4 Nf5 52.R4f3 Qd2 53.R3f2 Qd7 54.g4 Nh4 55.h3 Rd8 56.Kh2 Qe7 57.Qf4 Ng6
58.Qf7+ Qxf7 59.Rxf7 Nxe5 60.Ra7 Rd2+ 61.Kg3 Rd3+ 62.Kg2 Rd5 63.b3 Nd7 64.Ra8+ Kh7
65.Rd8 Kg6 66.Rf3 Nf6 67.Rxd5 exd5 68.Re3 Ne4 69.Kf3 Kf6 70.Re1 Nc3 71.Ke3 Ke5
72.Kd3+ Kd6 73.a3 g5 74.axb4 axb4 75.Re8 Nd1 76.Rh8 Kc5 77.Rc8+ Kd6 78.Kd4 Nc3
79.Rxc3 bxc3 80.Kxc3 Kc5 81.Kd3 Kc6 82.Kd4 Kd6 83.b4 Kc6 84.Ke5 Kb5 85.Kxd5 Kxb4
86.Ke6  1-0

[Event "Open A"]
[Site "Polanica Zdroj POL"]
[Date "2007.08.24"]
[Round "8"]
[White "Lubczynski,R"]
[Black "Dobrowolski,A"]
[Result "1/2-1/2"]
[WhiteElo "2368"]
[BlackElo "2338"]

1.d4 d5 2.c4 e6 3.g3 Nf6 4.Bg2 Be7 5.Nf3 O-O 6.O-O dxc4 7.Qa4 a6 8.Qxc4 b5
9.Qc2 Bb7 10.Bd2 Be4 11.Qc1 Bb7 12.Bf4 Bd6 13.Nbd2 Nbd7 14.Nb3 Rc8 15.Rd1 Nd5
16.Nc5 Nxc5 17.dxc5 Bxf4 18.gxf4 Qf6 19.e3 Ne7 20.Qc2 Bxf3 21.Bxf3 e5 22.Qc3 Ng6
23.Bg2  1/2-1/2

[Event "1st Serbian League Women"]
[Site "Zlatibor SRB"]
[Date "2007.08.26"]
[Round "6"]
[White "Vojinovic,J"]
[Black "Savic,Ma"]
[Result "0-1"]
[WhiteElo "2217"]
[BlackElo "2141"]

1.d4 d5 2.c4 e6 3.Nf3 Nf6 4.g3 Be7 5.Bg2 O-O 6.O-O c6 7.Nbd2 Nbd7 8.Qc2 b6
9.e4 Bb7 10.cxd5 cxd5 11.e5 Ng4 12.Re1 Re8 13.Bf1 f5 14.exf6 Bxf6 15.Bd3 Nf8
16.h3 Nh6 17.Ne5 Bxe5 18.dxe5 Rc8 19.Qb1 Nf7 20.Nf3 d4 21.Be4 Rc7 22.Qd3 Bxe4
23.Rxe4 Rd7 24.Bf4 g5 25.Bd2 Ng6 26.Rae1 Rd5 27.Kg2 Qc7 28.Qe2 h6 29.h4 d3
30.Qe3 gxh4 31.Rg4 Kh7 32.Qe4 Rg8 33.Nxh4 Rxe5 34.Qxd3 Rd5 35.Qe4 Re5 36.Qd3 Rd5
37.Qb1 Rxd2 38.Nxg6 Qc6+ 39.Kg1 Qc2 40.Qxc2 Rxc2 41.Rxe6 Ng5 42.Rd6 Rxg6
43.Rd7+ Rg7 44.Rxg7+ Kxg7 45.b3 Kf6 46.Ra4 a5 47.Kg2 Ke5 48.b4 Ne4 49.bxa5 b5
50.Rb4 Rxf2+ 51.Kg1 Rxa2 52.Rxb5+ Kf6 53.g4 Kg6 54.Rf5 Nf6 55.Rc5 Nxg4 56.Rb5 h5
57.Rc5 h4 58.Rc6+ Kf5 59.Rc5+ Ne5 60.a6 Rxa6 61.Kh2 Ra3 62.Rb5 h3 63.Rb1 Ng4+
64.Kg1 Ra2 65.Kh1 Kf4 66.Rb4+ Kg3 67.Rb3+ Kh4 68.Rb1 Rh2+ 69.Kg1 Rg2+  0-1

[Event "1st Serbian League Women"]
[Site "Zlatibor SRB"]
[Date "2007.08.30"]
[Round "10"]
[White "Ushenina,A"]
[Black "Urosevic,M"]
[Result "1-0"]
[WhiteElo "2502"]
[BlackElo "2072"]

1.d4 Nf6 2.c4 e6 3.g3 d5 4.Bg2 Be7 5.Nf3 O-O 6.O-O Nbd7 7.Qc2 Ne4 8.Nfd2 Nxd2
9.Nxd2 c6 10.Rd1 f5 11.Nf3 Bd6 12.Bf4 Nf6 13.Bxd6 Qxd6 14.e3 Ne4 15.Ne5 Bd7
16.b4 Be8 17.Rab1 g5 18.a4 Rc8 19.Rdc1 Bg6 20.c5 Qc7 21.b5 Qg7 22.bxc6 bxc6
23.Re1 Rc7 24.Rb2 h5 25.Qe2 Bh7 26.Bxe4 fxe4 27.Qxh5 Qf6 28.Reb1 Kh8 29.Qe2 Rfc8
30.Rb7 Qf5 31.R1b2 Qh3 32.Qg4 Qh6 33.Nf7+ Rxf7 34.Rxf7 Bf5 35.Rxf5 exf5 36.Qxf5 Rf8
37.Qe5+ Kh7 38.Rb7+ Kg6 39.Qe6+ Rf6 40.Qg8+ Kf5 41.Rh7 Qg6 42.Qxg6+ Rxg6
43.Rxa7 Kg4 44.Kg2  1-0

[Event "3rd Geller mem Open A"]
[Site "Odessa UKR"]
[Date "2007.09.09"]
[Round "2"]
[White "Aliferenko,A"]
[Black "Mamedov,A"]
[Result "0-1"]
[WhiteElo "2256"]
[BlackElo "2083"]

1.d4 Nf6 2.c4 e6 3.g3 d5 4.Bg2 Be7 5.Nf3 O-O 6.O-O Nbd7 7.Qc2 c6 8.Nbd2 b6
9.e4 Bb7 10.e5 Ne8 11.cxd5 cxd5 12.Nb1 b5 13.Qd3 a5 14.Bf4 Ba6 15.Rc1 b4
16.Qe3 Nb6 17.b3 Rc8 18.Nbd2 Nc7 19.Bf1 Bxf1 20.Nxf1 Nb5 21.Bg5 h6 22.Bxe7 Qxe7
23.Qd3 Qd7 24.Ne3 Rxc1+ 25.Rxc1 Rc8 26.Rc5 Rxc5 27.dxc5 Na8 28.Nc4 Qc6 29.Nd6 Nc3
30.Nd4 Qxc5 31.Nxe6 fxe6 32.Qg6 Nc7 33.Nf7 Qe7 34.Nxh6+ Kf8 35.Ng4 Ne4 36.h4 Qf7
37.Qh7 Nb5 38.h5 Qg8 39.Qg6 Nd4 40.h6 gxh6 41.Qxh6+ Qg7 42.Qf4+ Qf7 43.Qh6+ Ke7
44.Qh4+ Kd7 45.Nf6+ Qxf6  0-1

[Event "3rd Geller mem Open A"]
[Site "Odessa UKR"]
[Date "2007.09.11"]
[Round "4"]
[White "Kachur,A"]
[Black "Mamedov,A"]
[Result "1-0"]
[WhiteElo "2284"]
[BlackElo "2083"]

1.d4 Nf6 2.Nf3 e6 3.c4 d5 4.g3 Be7 5.Bg2 O-O 6.O-O Nbd7 7.Qc2 c6 8.Bf4 b6
9.cxd5 Nxd5 10.Qxc6 Ba6 11.Re1 Nxf4 12.gxf4 Nf6 13.Nc3 Qd6 14.Qxd6 Bxd6 15.Ne5 Rac8
16.a3 Rc7 17.e3 Rfc8 18.Bf1 Bxf1 19.Kxf1 a6 20.Rec1 Ne4 21.Ne2 Bxe5 22.dxe5 Nd2+
23.Kg2 Rxc1 24.Rxc1 Rxc1 25.Nxc1 Nc4 26.Nd3 f5 27.exf6 gxf6 28.Kf3 f5 29.Ke2 Kf8
30.Kd1 Ke7 31.Kc2 Kd6 32.Kc3 b5 33.a4 h5 34.b3 Nb6 35.axb5 axb5 36.Kb4 Nd5+
37.Kxb5 Nf6 38.Kc4 h4 39.f3 Nd5 40.Kd4 Nc7 41.Ne5 Nd5 42.h3 Nb4 43.Ng6 Nc2+
44.Kd3 Nb4+ 45.Kd2 Kc5 46.Nxh4 Nd5 47.Ng6 Kb4 48.Nf8 Kxb3 49.Nxe6 Kc4 50.e4 Ne7
51.h4  1-0

[Event "17th ch-EU U18 Boys"]
[Site "Sibenik CRO"]
[Date "2007.09.14"]
[Round "1"]
[White "Baryshpolets,A"]
[Black "Zhigalko,S"]
[Result "1/2-1/2"]
[WhiteElo "2307"]
[BlackElo "2560"]

1.d4 Nf6 2.c4 e6 3.g3 d5 4.Nf3 Be7 5.Bg2 O-O 6.O-O dxc4 7.Qc2 a6 8.a4 Bd7
9.Ne5 Bc6 10.Nxc6 Nxc6 11.e3 Na5 12.Nd2 c5 13.dxc5 Rc8 14.b4 cxb3 15.Nxb3 Nxb3
16.Qxb3 Nd7 17.Ba3 Nxc5 18.Bxc5 Bxc5 19.Qxb7 Qa5 20.Qe4 Be7 21.Rfc1 Bf6  1/2-1/2

[Event "WCh"]
[Site "Mexico City MEX"]
[Date "2007.09.16"]
[Round "4"]
[White "Kramnik,V"]
[Black "Grischuk,A"]
[Result "1/2-1/2"]
[WhiteElo "2769"]
[BlackElo "2726"]

1.d4 Nf6 2.c4 e6 3.g3 d5 4.Bg2 Be7 5.Nf3 O-O 6.O-O dxc4 7.Qc2 a6 8.Qxc4 b5
9.Qc2 Bb7 10.Bd2 Ra7 11.a3 Nbd7 12.Ba5 Qa8 13.Qxc7 Rc8 14.Qf4 Rc2 15.Nbd2 Rxb2
16.Rfc1 Nd5 17.Qe4 b4 18.Qd3 bxa3 19.Nc4 Bc6 20.Nxa3 Bb5 21.Nc4 Bb4 22.Qd1 Bxc4
23.Rxc4 Bxa5 24.Rxa5 Qb8 25.Nd2 N5b6 26.Rc1 g6 27.Ne4 Rb5 28.Ra2 a5 29.Nc5 Qd6
30.Nb7 Qb8 31.Qd3 Rh5 32.Nc5 Nd5 33.Qc4 N5b6 34.Qc3 Nd5 35.Qa1 Nxc5 36.Rxc5 Nb4
37.Raxa5 Nc2 38.Rxa7 Nxa1 39.Ra8 Qxa8 40.Bxa8 Rxc5 41.dxc5 Kf8 42.c6 Ke7
43.c7 Kd7 44.Bc6+ Kxc7 45.Ba4 Kb6 46.Kg2 Kc5 47.Kf3 Kb4 48.Be8 f6 49.Bf7 Nb3
50.e3 Nc5 51.h4 Kc3 52.Bg8 h6 53.Bf7 g5 54.Kg4 Ne4 55.hxg5 hxg5 56.Bxe6 Nxf2+
57.Kf5 Kd3 58.Kxf6 Ne4+ 59.Kg6 Nxg3 60.Kxg5 Kxe3  1/2-1/2

[Event "WCh"]
[Site "Mexico City MEX"]
[Date "2007.09.19"]
[Round "6"]
[White "Aronian,L"]
[Black "Kramnik,V"]
[Result "1/2-1/2"]
[WhiteElo "2750"]
[BlackElo "2769"]

1.d4 Nf6 2.c4 e6 3.Nf3 d5 4.g3 Be7 5.Bg2 O-O 6.O-O dxc4 7.Qc2 a6 8.Qxc4 b5
9.Qc2 Bb7 10.Bd2 Be4 11.Qc1 Qc8 12.Bg5 Nbd7 13.Nbd2 Bb7 14.Nb3 a5 15.Bxf6 Bxf6
16.Nc5 Bd5 17.e4 Bc4 18.Nxd7 Qxd7 19.Re1 Bxd4 20.Rd1 c5 21.Qc2 e5 22.Nxe5  1/2-1/2

[Event "17th ch-EU U18 Boys"]
[Site "Sibenik CRO"]
[Date "2007.09.19"]
[Round "6"]
[White "Rombaldoni,D"]
[Black "Novosel,T"]
[Result "1-0"]
[WhiteElo "2383"]
[BlackElo "2072"]

1.d4 d5 2.c4 e6 3.Nf3 Nf6 4.g3 Be7 5.Bg2 O-O 6.O-O Nbd7 7.Nc3 c6 8.Qc2 b6
9.Rd1 Bb7 10.e4 dxc4 11.a4 a6 12.Ng5 h6 13.Nh3 b5 14.a5 Qc7 15.f4 c5 16.d5 exd5
17.exd5 Bd6 18.Bf3 h5 19.Ng5 g6 20.Be4 Nxe4 21.Ncxe4 Rfe8 22.f5 Be5 23.fxg6 fxg6
24.Be3 Bg7 25.Bf4 Ne5 26.d6 Qc6 27.d7 Rf8 28.Rd6 Nf3+ 29.Kf1 Nd4 30.Qc1 Qc7
31.Ke1 Rad8 32.Rxg6 Rxf4 33.Qxf4 Qxf4 34.gxf4 Bxe4 35.Nxe4 Nc2+ 36.Kd1 Nxa1
37.Nxc5 Ra8 38.Rxa6 Rd8 39.Rc6 Rxd7+ 40.Nxd7 Bxb2 41.a6 Bd4 42.Nb6  1-0

[Event "17th ch-EU U16 Boys"]
[Site "Sibenik CRO"]
[Date "2007.09.19"]
[Round "6"]
[White "Lugovskoy,D"]
[Black "Stocko,J"]
[Result "0-1"]
[WhiteElo "1964"]
[BlackElo "1874"]

1.d4 Nf6 2.Nf3 e6 3.c4 d5 4.g3 Be7 5.Bg2 O-O 6.O-O c6 7.Qc2 Nbd7 8.Rd1 h6
9.b3 a5 10.Nc3 b6 11.e4 Bb7 12.Ne5 Rc8 13.Bb2 Qc7 14.Nd3 b5 15.cxd5 cxd5
16.e5 Ne4 17.Bxe4 dxe4 18.Nc5 Nxc5 19.dxc5 Qxc5 20.Qe2 b4 21.Na4 Qc6 22.Rac1 Qa6
23.Qg4 Rxc1 24.Bxc1 Kh8 25.Rd7 Qc6 26.Rd1 e3 27.f3 e2 28.Re1 Qxf3 29.Qxf3 Bxf3
30.Kf2 Bh5 31.h3 Rc8 32.g4 Bh4+ 33.Kxe2 Bxe1 34.Be3 Bg6 35.Kxe1 Bb1 36.Nb6 Rc2
37.Nc4 Rxa2 38.Bb6 a4 39.bxa4 Rxa4 40.Kd2 Ra2+ 41.Kc1 Rc2+ 42.Kxb1 Rxc4 43.Ba5 Rc5
44.Bd8 Rxe5 45.Kc2 Re3 46.h4 b3+ 47.Kb2 e5 48.g5 hxg5 49.Bxg5 Rd3 50.Be7 e4
51.Bb4 e3 52.Kc1 e2  0-1

[Event "WCh"]
[Site "Mexico City MEX"]
[Date "2007.09.21"]
[Round "8"]
[White "Gelfand,B"]
[Black "Anand,V"]
[Result "1/2-1/2"]
[WhiteElo "2733"]
[BlackElo "2792"]

1.d4 Nf6 2.c4 e6 3.g3 d5 4.Bg2 Be7 5.Nf3 O-O 6.O-O dxc4 7.Qc2 a6 8.Qxc4 b5
9.Qc2 Bb7 10.Bd2 Bd6 11.Rd1 Nbd7 12.Ba5 Qb8 13.b4 e5 14.Nbd2 exd4 15.Nxd4 Bxg2
16.Kxg2 c5 17.bxc5 Bxc5 18.N2b3 Ba3 19.e4 Ne5 20.Nf5  1/2-1/2

[Event "17th ch-EU U18 Boys"]
[Site "Sibenik CRO"]
[Date "2007.09.21"]
[Round "8"]
[White "Stupak,K"]
[Black "Zhigalko,S"]
[Result "1/2-1/2"]
[WhiteElo "2377"]
[BlackElo "2560"]

1.d4 Nf6 2.g3 d5 3.Bg2 e6 4.c4 Be7 5.Nf3 O-O 6.O-O dxc4 7.Ne5 Nc6 8.Nxc6 bxc6
9.Na3 Bxa3 10.bxa3 Nd5 11.Qc2 Ba6 12.a4 Qf6 13.Ba3 Qxd4 14.Bxf8 Rxf8 15.Rfd1 Qe5  1/2-1/2

[Event "ch-SRB Playoff"]
[Site "Beograd SRB"]
[Date "2007.09.22"]
[Round "1.2"]
[White "Damljanovic,B"]
[Black "Perunovic,Mil"]
[Result "1/2-1/2"]
[WhiteElo "2606"]
[BlackElo "2589"]

1.Nf3 Nf6 2.c4 e6 3.g3 d5 4.d4 Be7 5.Bg2 O-O 6.O-O dxc4 7.Qc2 a6 8.Qxc4 b5
9.Qc2 Bb7 10.Bd2 Be4 11.Qc1 Bb7 12.Bf4 Bd6 13.Nbd2 Nbd7 14.Nb3 Bd5 15.Ne5 Bxg2
16.Kxg2 Bxe5 17.dxe5 Nd5 18.Bg5 Qc8 19.e4 N5b6 20.f4 Nc4 21.Nd4 Qb7 22.Re1 c5
23.Nf3 f6 24.exf6 gxf6 25.Bh6 Rfe8 26.Rd1 Qxe4 27.Rxd7 Rad8 28.Rxd8 Rxd8
29.f5 Qe2+ 30.Kg1 Qxf3 31.fxe6 Qe4 32.Qe1 Qxe1+ 33.Rxe1 Ne5 34.Rf1 Re8 35.Be3 Rxe6
36.Bxc5 Kf7 37.Rd1 Kg6  1/2-1/2

[Event "16th Monarch Assurance"]
[Site "Port Erin IOM"]
[Date "2007.09.23"]
[Round "2"]
[White "Bradford,J"]
[Black "Weeks,Ma"]
[Result "1/2-1/2"]
[WhiteElo "2406"]
[BlackElo "2200"]

1.Nf3 Nf6 2.c4 e6 3.g3 d5 4.Bg2 Be7 5.d4 O-O 6.O-O dxc4 7.Qc2 a6 8.Qxc4 b5
9.Qc2 Bb7 10.Bg5 Nbd7 11.Bxf6 Nxf6 12.Nbd2 Rc8 13.Nb3 c5 14.dxc5 Be4 15.Qc1 a5
16.Rd1 Qc7 17.Qf4 a4 18.Qxc7 Rxc7 19.Nbd4 Rxc5 20.Ne1 Bxg2 21.Kxg2 Rd8 22.e3 b4
23.Rd3 g6 24.Rad1 Rdc8  1/2-1/2

[Event "17th Senior WCh"]
[Site "Gmunden AUT"]
[Date "2007.09.25"]
[Round "8"]
[White "Samuelsson,SG"]
[Black "Onat,I"]
[Result "0-1"]
[WhiteElo "2196"]
[BlackElo "2355"]

1.d4 Nf6 2.c4 e6 3.g3 d5 4.Bg2 Be7 5.Nf3 O-O 6.O-O Nbd7 7.b3 c6 8.Nc3 b6
9.Qc2 Ba6 10.Nd2 b5 11.Re1 bxc4 12.bxc4 Qa5 13.Nb3 Qd8 14.c5 e5 15.e4 dxe4
16.Nxe4 exd4 17.Nxd4 Rc8 18.Bb2 Nxe4 19.Bxe4 Bxc5 20.Bxh7+ Kh8 21.Bf5 Rc7
22.Re4 Be7 23.Rd1 Bb7 24.Bxd7 Rxd7 25.Re5 f5 26.Rde1 c5 27.Ne6 Qb6 28.Nxf8 Qc6
29.R1e4 Bxf8 30.Qc4 Rd1+ 31.Kg2 Qg6 32.Qb3 Rd7 33.Kf1 Bxe4 34.Re6 Qh5 35.Ke1 Bf3  0-1

[Event "6th ch-Asia"]
[Site "Cebu City PHI"]
[Date "2007.09.28"]
[Round "10"]
[White "Dimakiling,O"]
[Black "Mahjoob,M"]
[Result "0-1"]
[WhiteElo "2500"]
[BlackElo "2479"]

1.Nf3 Nf6 2.c4 e6 3.g3 d5 4.d4 Be7 5.Bg2 O-O 6.O-O c6 7.Nc3 b6 8.Bf4 dxc4
9.Ne5 Nd5 10.Nxc4 Nxf4 11.gxf4 Bb7 12.Ne5 f6 13.Nd3 Qxd4 14.Qb3 Qd7 15.f5 Na6
16.Rfd1 Qe8 17.Nb5 Kh8 18.Qxe6 Rd8 19.Nxa7 Rd6 20.Qe3 Qd7 21.Qxb6 Rb8 22.Rdc1 c5
23.Nxc5 Qxf5 24.Qxb7 Rxb7 25.Nxb7 g6 26.Nxd6 Bxd6 27.Rc6 Bc5 28.e3 Nb4 29.Rc8+ Kg7
30.Rc7+ Kh6 31.Rd1 Nd3 32.Bf3 Qg5+ 33.Kf1 Nxf2 34.Rdd7 Qxe3 35.h4 Qc1+ 36.Bd1 g5
37.h5 g4 38.b4 Qc4+ 39.Be2 Qxb4 40.Rxh7+ Kg5 41.Rhg7+ Kh4 42.Rxc5 Qxc5 43.Nb5 f5
44.Rd7 Ne4 45.Rd4 Qc1+ 46.Kg2 Qf4  0-1

[Event "6th ch-Asia"]
[Site "Cebu City PHI"]
[Date "2007.09.28"]
[Round "10"]
[White "Batchuluun,C"]
[Black "Yu Shaoteng"]
[Result "0-1"]
[WhiteElo "2415"]
[BlackElo "2524"]

1.d4 e6 2.c4 Nf6 3.g3 d5 4.Nf3 Be7 5.Bg2 O-O 6.O-O dxc4 7.Qc2 a6 8.Qxc4 b5
9.Qc2 Bb7 10.Bd2 Be4 11.Qc1 Bb7 12.Qc2 Be4 13.Qc1 Bb7 14.Bf4 Bd6 15.Nbd2 Nbd7
16.Nb3 Bd5 17.Rd1 Qe7 18.Ne5 Bxg2 19.Kxg2 Nd5 20.Na5 Nxf4+ 21.Qxf4 f6 22.Nec6 Qe8
23.Qe4 f5 24.Qf3 Nf6 25.Rac1 g5 26.h3 g4 27.hxg4 fxg4 28.Qe3 Qg6 29.Ne5 Bxe5
30.Qxe5 Ne4 31.f3 gxf3+ 32.exf3 Ng5 33.f4 Ne4 34.Kf3 Ng5+ 35.Ke2 Qh5+ 36.Kd3 Qg6+
37.Ke2 Qh5+ 38.Kd3 Qg6+ 39.Kc3 Ne4+ 40.Kb3 Nf2 41.Nc6 Rae8 42.Qe3 Nxd1 43.Rxd1 Qh5
44.Rc1 Qd5+ 45.Ka3 Qd6+ 46.Kb3 Rf5 47.Rc3 b4 48.Rc4 a5 49.Kc2 Qd5 50.Qe2 Qb5
51.Ne5 Kh8 52.Qe4 Rh5 53.g4 b3+ 54.axb3 Rh2+ 55.Kc3 Rb8 56.b4 axb4+ 57.Kb3 Rh3+
58.Nd3 Qd5 59.Qe2 c5 60.Ka4 Ra8+ 61.Kb3 cxd4 62.Qc2 Rc8 63.Kxb4 Qb7+ 64.Ka3 Qa6+
65.Kb4 Rb8+ 66.Kc5 Qb6+  0-1

[Event "Open"]
[Site "Nelson NZL"]
[Date "2007.10.06"]
[Round "7"]
[White "Conquest,S"]
[Black "Wastney,S"]
[Result "1-0"]
[WhiteElo "2540"]
[BlackElo "2281"]

1.Nf3 d5 2.c4 e6 3.g3 Nf6 4.Bg2 Be7 5.d4 O-O 6.O-O dxc4 7.Qc2 a6 8.a4 Bd7
9.Qxc4 Bc6 10.Rd1 a5 11.Nc3 Na6 12.Bg5 Nb4 13.Bxf6 Bxf6 14.e4 b6 15.Qe2 Bb7
16.Rac1 Rc8 17.h4 Re8 18.Qe3 Ba6 19.Bh3 Rb8 20.Bf1 Bxf1 21.Kxf1 c6 22.Kg2 Be7
23.Qf4 Rb7 24.Qg4 Bf8 25.h5 Rd7 26.Rd2 e5 27.Rcd1 exd4 28.Nxd4 Qc8 29.Nf5 Rxd2
30.Rxd2 g6 31.Qg5 Qe6 32.Nh6+ Kh8 33.Qf4 Kg7 34.Ng4 gxh5 35.Ne3 Kh8 36.Nf5 Na6
37.Nd6 Re7 38.Nf5 Rd7 39.Nd4 Qd6 40.Qf5 Nc5 41.Qxh5 Bg7 42.Nf3 Qg6 43.Qh3 Qh6
44.Qf5 Rxd2 45.Qc8+ Bf8 46.Nxd2 Kg8 47.Nc4 Nd3 48.Qg4+ Qg6 49.Qd7 Nc5 50.Qe8 Nxa4
51.Ne5  1-0

[Event "IV Amateur Open"]
[Site "Calvia ESP"]
[Date "2007.10.08"]
[Round "3"]
[White "Barcelo,P"]
[Black "Roig Squar,J"]
[Result "1-0"]
[WhiteElo "2190"]
[BlackElo "2092"]

1.Nf3 d5 2.d4 e6 3.c4 Nf6 4.g3 Be7 5.Bg2 O-O 6.O-O dxc4 7.Ne5 Nc6 8.Nxc6 bxc6
9.e3 Ba6 10.Bxc6 Rb8 11.Nc3 Nd5 12.Nxd5 exd5 13.Qf3 c3 14.bxc3 Bxf1 15.Kxf1 Qc8
16.Bxd5 Qa6+ 17.Kg2 c6 18.Bxc6 Qc4 19.Bd2 Rb2 20.Bd5 Qd3 21.Be1 Bg5 22.e4 Qxf3+
23.Kxf3 Rfb8 24.Bb3 Rd8 25.h4 Bd2 26.Bxd2 Rxd2 27.Ke3 Rb2 28.Rd1 Kf8 29.Rd2 Rb1
30.d5 Re1+ 31.Re2 Rc1 32.Kd4 f6 33.f4 Rg1 34.Re3 Rg2 35.c4  1-0